Výstava nielen pre odborníkov, ale aj laikov

Podrobná bibliografia
Hlavný autor: ver (Author)
Médium: Článok
Jazyk:Slovak
Témy:
Zdroj: 1. Košický denník 1. Roč. 2, č. 98(2000), dát. 0428, s. 9
LEADER 00773nab#a2200313#ar4500
001 000035421
003 SVKKK
005 00000000000000.0
008 c xo e sloo
FMT
038 |a SVKKK 
040 |a SVKKK  |b slo  |e AACR2 
041 0 |a slo 
044 |a xo  |c SK 
080 |a 06.06  |2 1981 
080 |a 616.3  |2 1981 
100 0 |a ver  |4 aut 
245 1 0 |a Výstava nielen pre odborníkov, ale aj laikov  |c ver , 
650 0 4 |a DENTEX, Košice 
650 0 4 |a lekárstvo zubné  |x vystavovatelia  |x hodnotenie  |x informácie 
650 0 4 |a výstava 
773 0 |t Košický denník  |g Roč. 2, č. 98(2000), dát. 0428, s. 9 
957 |a Košice 
958 |a KE 
974 |d 001207  |a SAB 
992 |a RBX 
BAS
852 |a SVKKK  |b BIB 
998 |a REG